Administración de bibliotecas / (Registro nro. 4924)
[ vista simple ]
| 000 -LEADER | |
|---|---|
| fixed length control field | 01543nam a2200325Ia 4500 |
| 003 - CONTROL NUMBER IDENTIFIER | |
| control field | OSt |
| 005 - DATE AND TIME OF LATEST TRANSACTION | |
| control field | 20200326111444.0 |
| 008 - FIXED-LENGTH DATA ELEMENTS--GENERAL INFORMATION | |
| fixed length control field | 191128s2000 ck gr 001 0 spa d |
| 020 ## - INTERNATIONAL STANDARD BOOK NUMBER | |
| International Standard Book Number | 9589121586 |
| 040 ## - CATALOGING SOURCE | |
| Original cataloging agency | CO-JMCR |
| Transcribing agency | CO-JMCR |
| 082 04 - DEWEY DECIMAL CLASSIFICATION NUMBER | |
| Classification number | 025.101 / |
| Item number | P996a |
| 100 1# - MAIN ENTRY--PERSONAL NAME | |
| Personal name | Pymm, Bob, |
| Relator term | autor |
| 9 (RLIN) | 1906 |
| 245 10 - TITLE STATEMENT | |
| Title | Administración de bibliotecas / |
| Remainder of title | Bob Pymm ; traducción Rodolfo Zuluaga, Octavio Rojas |
| 250 ## - EDITION STATEMENT | |
| Edition statement | Segunda edición |
| 260 ## - PUBLICATION, DISTRIBUTION, ETC. | |
| Place of publication, distribution, etc. | Bogotá : |
| Name of publisher, distributor, etc. | Rojas Eberhard, |
| Date of publication, distribution, etc. | 2000 |
| 300 ## - PHYSICAL DESCRIPTION | |
| Extent | 165 páginas : |
| Other physical details | ilustraciones en blanco y negro ; |
| Dimensions | 28 cm. |
| 440 ## - SERIES STATEMENT/ADDED ENTRY--TITLE | |
| Title | 28 cm |
| 9 (RLIN) | 1907 |
| 490 0# - SERIES STATEMENT | |
| Series statement | 28 cm |
| 500 ## - GENERAL NOTE | |
| General note | Incluye bibliografía. |
| 505 ## - FORMATTED CONTENTS NOTE | |
| Formatted contents note | Los administradores y sus funciones -- El ambiente externo -- El ambiente interno -- Estructura y diseño organizacional -- Planeación -- Planeación estratégica -- Planeación de eventos -- Las políticas gubernamentales y su impacto en los administadores |
| 520 ## - SUMMARY, ETC. | |
| Summary, etc. | Administración de bibliotecas provee una visión general de los principios básicos de adminitración aplicados a las bibliotecas y otras unidades de información, e ilustrada con ejemplos prácticos de la vida real. |
| 546 ## - LANGUAGE NOTE | |
| Language note | spa |
| 650 14 - SUBJECT ADDED ENTRY--TOPICAL TERM | |
| Topical term or geographic name entry element | Administración de bibliotecas |
| 9 (RLIN) | 1908 |
| 650 24 - SUBJECT ADDED ENTRY--TOPICAL TERM | |
| Topical term or geographic name entry element | Bibliotecas |
| General subdivision | Finanzas Planificación bibliotecaria |
| 9 (RLIN) | 1909 |
| 650 24 - SUBJECT ADDED ENTRY--TOPICAL TERM | |
| Topical term or geographic name entry element | Servicios de información |
| 9 (RLIN) | 1910 |
| 700 1# - ADDED ENTRY--PERSONAL NAME | |
| Personal name | Zuluaga, Rodolfo, |
| Relator term | traductor |
| 9 (RLIN) | 1911 |
| 700 1# - ADDED ENTRY--PERSONAL NAME | |
| Personal name | Octavio Rojas |
| Relator term | traductor |
| 9 (RLIN) | 1912 |
| 799 ## - LOCAL ADDED ENTRY--UNIFORM TITLE (RLIN) | |
| Uniform title | Zuluaga, Rodolfo, traductor ; Rojas, Octavio, traductor |
| 942 ## - ADDED ENTRY ELEMENTS (KOHA) | |
| Source of classification or shelving scheme | Dewey Decimal Classification |
| Koha item type | Books |
| Withdrawn status | Lost status | Source of classification or shelving scheme | Materials specified (bound volume or other part) | Damaged status | Not for loan | Home library | Current library | Date acquired | Source of acquisition | Cost, normal purchase price | Total Checkouts | Full call number | Barcode | Date last seen | Copy number | Price effective from | Koha item type |
|---|---|---|---|---|---|---|---|---|---|---|---|---|---|---|---|---|---|
| Dewey Decimal Classification | Donación--01/01/2017-- | Biblioteca Pública José María del Castillo y Rada | Biblioteca Pública José María del Castillo y Rada | 11/28/2019 | Donación | 0.00 | 025.101 / P996a | 430000999 | 05/16/2024 | Ej.1 | 11/28/2019 | Books |